Повесть Олега Ермакова "Возвращение в Кандагар" (Запись № 1598337)

Подробности
000 -МАРКЕР
контрольное поле 01633nam0a2200313 4500
001 - ИДЕНТИФИКАТОР ЗАПИСИ
контрольное поле RU\NLR\bibl\1471807
005 - ИДЕНТИФИКАТОР ВЕРСИИ
контрольное поле 20260405195731.0
010 ## - МЕЖДУНАРОДНЫЙ СТАНДАРТНЫЙ НОМЕР КНИГИ (ISBN)
Номер (ISBN) 978-5-8465-9876-8
Тираж 500
Уточнения 35
035 ## - ДРУГИЕ СИСТЕМНЫЕ НОМЕРА
Идентификатор записи (NLR Aleph) 001463498
100 ## - ДАННЫЕ ОБЩЕЙ ОБРАБОТКИ
Данные общей обработки 20100210d2010 |||y0rusy50 ca
101 0# - ЯЗЫК РЕСУРСА
Язык текста, звукозаписи и т.д. русский
102 ## - СТРАНА ПУБЛИКАЦИИ ИЛИ ПРОИЗВОДСТВА
Страна публикации Российская Федерация
105 ## - ПОЛЕ КОДИРОВАННЫХ ДАННЫХ: ТЕКСТОВЫЕ МАТЕРИАЛЫ, МОНОГРАФИЧЕСКИЕ
Кодированные данные о монографическом текстовом документе y |||||||||
200 1# - ЗАГЛАВИЕ И СВЕДЕНИЯ ОБ ОТВЕТСТВЕННОСТИ
Основное заглавие Повесть Олега Ермакова "Возвращение в Кандагар"
Первые сведения об ответственности О. Ключинская
Последующие сведения об ответственности С.-Петерб. гос. ун-т, Фак. филологии и искусств
210 ## - ПУБЛИКАЦИЯ, РАСПРОСТРАНЕНИЕ И ДР.
Место издания, распространения и т.д. Санкт-Петербург
Имя издателя, распространителя и т. д. Факультет филологии и искусств СПбГУ
Дата издания, распространения и т.д. 2010
215 ## - ФИЗИЧЕСКАЯ ХАРАКТЕРИСТИКА
Специфическое обозначение материала и объем 41 с.
Размеры 21
225 1# - СЕРИЯ
Основное заглавие серии Литературные направления и течения
Обозначение тома вып. 35
320 ## - ПРИМЕЧАНИЯ О НАЛИЧИИ В ДОКУМЕНТЕ БИБЛИОГРАФИИ / УКАЗАТЕЛЯ
Текст примечания Библиогр. в подстроч. прим.
500 10 - УНИФИЦИРОВАННОЕ ЗАГЛАВИЕ
Связь между полями z01702
Унифицированное заглавие Возвращение в Кандагар
604 ## - ИМЯ И ЗАГЛАВИЕ КАК ПРЕДМЕТ
Связываемые данные 700#1$aЕрмаков$bО. Н.$gОлег Николаевич$f1961
-- 50010$a"Возвращение в Кандагар"$2nlr_sh2$3RU\NLR\AUTH\661532470
Имя лица Ермаков, Олег Николаевич (1961)
Заглавие "Возвращение в Кандагар"
Системный номер авторитетной/нормативной записи 2593436
Идентификатор авторитетной/нормативной записи RU\NLR\AUTH\661532470
686 ## - ИНДЕКСЫ ДРУГИХ КЛАССИФИКАЦИЙ
Индекс Ш5(2=Р)7-4Ермаков
700 #1 - ИМЯ ЛИЦА - ПЕРВИЧНАЯ ОТВЕТСТВЕННОСТЬ
Код отношения Автор
Материалы, к которым относится поле rus
Графика поля Кириллица
Начальный элемент ввода Ключинская
Часть имени, кроме начального элемента ввода О. В.
Расширение инициалов личного имени Ольга Валерьевна
Идентификатор авторитетной/нормативной записи RU\NLR\auth\7787398
Системный номер авторитетной/нормативной записи 70326
702 #1 - ИМЯ ЛИЦА - ВТОРИЧНАЯ ОТВЕТСТВЕННОСТЬ
Код отношения Прочие
Материалы, к которым относится поле rus
Графика поля Кириллица
Начальный элемент ввода Ермаков
Часть имени, кроме начального элемента ввода О. Н.
Даты 1961-
Расширение инициалов личного имени Олег Николаевич
Идентификатор авторитетной/нормативной записи RU\NLR\auth\7787399
Системный номер авторитетной/нормативной записи 70327
801 #0 - ИСТОЧНИК ЗАПИСИ
Страна Российская Федерация
Организация NLR
Дата составления 20100210
Правила каталогизации RCR
801 #1 - ИСТОЧНИК ЗАПИСИ
Страна Российская Федерация
Организация NLR
Дата составления 20100210
942 ## - ДОПОЛНИТЕЛЬНЫЕ ЭЛЕМЕНТЫ ЗАПИСИ (АБИС)
Тип экземпляра АБИС Книга
980 ## - КОЛЛЕКЦИЯ
Название коллекции Национальная библиография
Экземпляры
Тип экземпляра Дата поступления Источник поступления Библиотека постоянного хранения Библиотека текущего хранения Место хранения Шифр хранения Штрих-код Статус экземпляра
Книга 10.02.2010 Дар РНБ (Московский) РНБ (Московский) Русский книжный фонд: издания с 1957 года 2010-4/1707 3099809  
Книга 05.12.2012 Дар РНБ (Московский) РНБ (Московский) Русский книжный фонд: издания с 1957 года 2010-4/1707 3784259